Financial models of insurance solvency / (Record no. 3731)

MARC details
000 -LEADER
fixed length control field 01758pam a2200229 a 4500
020 ## - INTERNATIONAL STANDARD BOOK NUMBER
ISBN 0792390180
050 00 - CALL NUMBER
Classification number HG8026
Item number .F56
100 ## - AUTHOR
Personal name J David Cummins;
245 00 - TITLE
Title Financial models of insurance solvency /
Statement of responsibility, etc edited by J. David Cummins and Richard A. Derrig.
260 ## - PUBLICATION INFORMATION
Place of publication Boston :
Name of publisher Kluwer Academic,
Year of publication c1989.
300 ## - DESCRIPTION
Number of Pages xxiii, 363 p. :
Other physical details ill. ;
Dimensions 24 cm.
440 #0 - SERIES
SERIES Huebner International series on risk, insurance, and economic security
500 ## - NOTES
General note Vol. 2 of the proceedings of the 1st International Conference on Insurance Solvency held in Philadelphia, 1986 and published under the title Classical insurance solvency theory.
500 ## - NOTES
General note Includes index.
505 ## - FORMATTED CONTENTS NOTE
Table of Content The Assessment of the Financial Strength of Insurance Companies by a Generalized Cash Flow Model --<br/>Cash Flow Simulation Models for Premium and Surplus Analysis --<br/>Some Aspects of Life Assurance Solvency --<br/>The Solvency of a General Insurance Company in Terms of Emerging Costs --<br/>Some General Approaches to Computing Total Loss Distributions and the Probability of Ruin --<br/>Methods for Analyzing the Effects of Underwriting Risk on the Insurer's Long-Term Solvency --<br/>Concepts and Trends in the Study of Insurer's Solvency --<br/>On the Application of Finance Theory to the Insurance Firm --<br/>On the Capital Structure of Insurance Firms --<br/>Risk Based Premiums for Insurance Guaranty Funds --<br/>Solvency Levels and Risk Loadings Appropriate for Fully Guaranteed Property-Liability Insurance Contracts: A Financial View.
650 #0 - SUBJECTS
Topical Term Insurance
General subdivision Finance
-- Congresses.
700 1# - OTHER AUTHORS
Personal name Cummins, J. David.
700 1# - OTHER AUTHORS
Personal name Derrig, Richard A.
711 2# - OTHER AUTHORS
OTHER AUTHORS International Conference on Insurance Solvency
730 0# - OTHER AUTHORS
OTHER AUTHORS Classical insurance solvency theory.
942 ## - ADDED ENTRY ELEMENTS (KOHA)
Koha item type Books
Holdings
Withdrawn status Lost status Collection code Home library Current library Shelving location Date acquired Full call number Accession Number Koha item type
    Reference Methodist University Library Main Methodist University Library Main General Stacks 17/07/2007 HG8026 .F56 14022 Books
Copyright © 2026  MUG Library